Medallas europeas relativas a América

Saved in:
Bibliografiske detaljer
Format: Bog
Sprog:spansk
Udgivet: Buenos Aires Casa Jacobo Peuser 1924
Udgivelse:1a. ed
Serier:Universidad de Buenos Aires. Facultad de Filosofía y Letras, 24
Fag:
Tags: Tilføj Tag
Ingen Tags, Vær først til at tagge denne postø!

MARC

LEADER 00000nam a2200000 a 4500
001 UCJ3471
003 CL-VaPUC
008 070124e19240000AG |||||||||||||||||spa|d
082 0 4 |a 983  |b MED  |2 21 
245 1 0 |a Medallas europeas relativas a América 
250 |a 1a. ed 
300 |a 377 p 
942 |c BK 
945 |d 20070124 00:00:00  |a rinostro 
260 |a Buenos Aires  |b Casa Jacobo Peuser  |c 1924 
500 |a 8§.- Anteport.- v. en bl.- Port.- v. en bl.- Advierte errata. Feliú Cruz, N§ 316 
500 |a Ilustraciones 
650 0 |a Numismática  |9 318332 
650 7 |a CONMEMORACIONES  |2 CL-VaPUC  |9 504621 
651 0 |a América  |9 255182 
583 |a last modification  |c 20070124 00:00:00  |k Rodrigo Vera 
490 0 |a Universidad de Buenos Aires. Facultad de Filosofía y Letras, 24 
999 |c 319593  |d 319591 
952 |0 0  |1 0  |4 0  |6 983_000000000000000_MED_1924  |7 0  |8 X  |9 397943  |a FDOBUD  |b FDOBUD  |d 2019-11-22  |i 1003933  |o 983 MED 1924  |p 1003933  |r 2019-11-22  |w 2019-11-22  |y BK_X  |k BUD